2025 NHL Playoffs Bracket - Statistics

General Stats
  • This quiz has been taken 426 times
  • The average score is 15 of 16
Answer Stats
Answer % Correct
Edmonton Oilers
97%
Florida Panthers
97%
Carolina Hurricanes
95%
Dallas Stars
95%
Toronto Maple Leafs
94%
Los Angeles Kings
93%
Winnipeg Jets
92%
Tampa Bay Lightning
91%
Washington Capitals
91%
Colorado Avalanche
89%
Vegas Golden Knights
89%
Minnesota Wild
88%
Montreal Canadiens
88%
St Louis Blues
87%
New Jersey Devils
86%
Ottawa Senators
86%
No matching quizzes found
Score Distribution
Percent of People with Each Score
Percentile by Number Answered
Your Score History
You have not taken this quiz